| 000 | 01620nam a2200373 i 4500 | ||
|---|---|---|---|
| 003 | DO-SdBNP | ||
| 005 | 20240611135350.0 | ||
| 007 | ta | ||
| 008 | 240611s2023 dr d r 000 0 spa d | ||
| 020 | _a9789945634266 (impreso) | ||
| 020 | _a9789945634273 (online) | ||
| 040 |
_aDO-SdBNP _bspa _cBNPHU _erda |
||
| 082 |
_bG351 _222 |
||
| 100 |
_aGeorges, Eugenia _99480 _eautora |
||
| 240 | _aThe making of a transnational community : migration, development, and cultural change in the Dominican Republic / | ||
| 245 | 1 | 3 |
_aLa formación de una comunidad transnacional : _bmigración, desarrollo y cambio cultural en la República Dominicana / _cEugenia Georges ; presentación Samuel Pereyra Rojas, Wilfredo Lozano ; prólogo Rosario Espinal ; traducción Gabriela Blanco Bobea |
| 264 | 1 |
_aSanto Domingo : _bInstituto Nacional de Migración, _bBanreservas, _c2023. |
|
| 300 |
_a334 páginas _bgraficas _c23 cm. |
||
| 336 |
_2rdacontent _atexto _btxt |
||
| 337 |
_2rdamedia _asin mediación _bn |
||
| 338 |
_2rdacarrier _avolumen _bnc |
||
| 490 | 1 | _aClásicos de la migración dominicana | |
| 500 | _aIncluye datos biográficos de la autora en la solapa de la portada. | ||
| 500 | _aIncluye índice onomástico. | ||
| 500 | _aIncluye notas a pie de páginas. | ||
| 504 | _aBibliografías : p. 311-327 | ||
| 590 | _aInventariado, 2024/ YL | ||
| 700 | 1 |
_aPereyra Rojas, Samuel _epresentación _983007 |
|
| 700 | 1 |
_aLozano, Wilfredo _epresentación _981507 |
|
| 700 | 1 |
_aEspinal, Rosario _eprólogo _935839 |
|
| 700 | 1 |
_aBlanco Bobea, Gabriela _etraducción _985630 |
|
| 910 | _aYLockward | ||
| 942 |
_2ddc _cLBS1 |
||
| 999 |
_c56811 _d56811 |
||